000 00764nam a22002657a 4500
003 OSt
005 20210419072407.0
008 201120s2016 ||||| |||| 00| 0 eng d
020 _a9781506208329
040 _aeng
_cDLC
041 _aeng
080 _a61
_bK-20
100 _95
_aMilan, Felise
_eEditor
245 _aUSMLE Step 2 CS
_b: Complex Cases, Challenging Cases for Advanced Study
_c/ by: Kaplan Medical
250 _a4th edition
260 _aNew York
_bKaplan Medical
_c2016
300 _a215 p.
365 _b44.99 usd
650 0 _969
_aMedicine
650 0 _988
_aClinical Medicine
650 0 _987
_aUSMLE Step 2 CS
653 _aმედიცინა
653 _aკლინიკური მედიცინა
942 _2udc
_cBK
_e4
999 _c292
_d292